| 000 | 00681nam a22001937a 4500 | ||
|---|---|---|---|
| 003 | OSt | ||
| 005 | 20130531124044.0 | ||
| 008 | 130510s1999 sp ||||| |||| 00| 0 spa d | ||
| 020 | _a8483731614 | ||
| 040 | _cCDMR | ||
| 100 | 1 |
_93204 _aDíaz Noci, Javier |
|
| 245 | 1 | 0 |
_aPeriodismo en Internet _b: modelos de la prensa digital _cJavier Díaz Noci, Koldo Meso Ayerdi |
| 260 |
_aBilbao _bEuskal Herriko Unibertsitateko Argitalpen Zerbitzua _bServicio Editorial de la Universidad del País Vasco _cDL 1999 |
||
| 300 | _a120 p. | ||
| 650 | 0 | 4 |
_93188 _aPremsa digital |
| 650 | 0 | 4 |
_93079 _aMitjans de comunicació digitals _zPaís Basc |
| 700 | 1 |
_93407 _aMeso Ayerdi, Koldo |
|
| 942 |
_2udc _cMON |
||
| 999 |
_c6223 _d6223 |
||